Countries With The Most French Speakers - Statistics

General Stats
  • This quiz has been taken 270 times
  • The average score is 11 of 16
Answer Stats
# Speakers % Country % Correct
62,968,000 97 France
100%
10,470,000 29 Canada
87%
8,088,000 72 Belgium
85%
5,402,000 66 Switzerland
79%
11,200,000 33 Algeria
77%
33,222,000 47 D.R.C
76%
10,657,000 31 Morocco
71%
10,520,000 16 United Kingdom
71%
11,943,000 14 Germany
67%
5,022,000 11 Spain
65%
6,090,000 54 Tunisia
64%
7,218,000 34 Côte d'Ivoire
63%
9,334,000 40 Cameroon
61%
9,394,000 15 Italy
60%
4,454,000 42 Haiti
47%
4,847,000 20 Madagascar
34%
No matching quizzes found
Score Distribution
Percent of People with Each Score
Percentile by Number Answered
Your Score History
You have not taken this quiz